[Event "ODJM A 2024"]
[Site "Willingen GER"]
[Date "2024.05.25"]
[Round "9"]
[White "Ellinger, Maximilian"]
[Black "Schulz, Dennis"]
[Result "1-0"]
[Termination "normal"]
[Board "24"]
[WhiteElo "1818"]
[BlackElo "1959"]
[WhiteClock "00:29:49"]
[BlackClock "01:14:58"]
[PlyCount "89"]
[WhiteFideId "34631003"]
[BlackFideId "16241231"]
[EventCountry "GER"]
[EventRounds "9"]
[EventType "swiss"]
[EventDate "2024.05.18"]

1. e4 {[%clk 01:30:59]} {[%emt 00:00:01]} c6 {[%clk 01:30:57]} {[%emt
00:00:05]} 2. d4 {[%clk 01:31:20]} {[%emt 00:00:07]} d5 {[%clk 01:31:25]}
{[%emt 00:00:03]} 3. f3 {[%clk 01:31:12]} {[%emt 00:00:38]} g6 {[%clk
01:31:50]} {[%emt 00:00:06]} 4. e5 {[%clk 01:31:09]} {[%emt 00:00:32]} Bg7
{[%clk 01:30:51]} {[%emt 00:01:29]} 5. f4 {[%clk 01:31:27]} {[%emt 00:00:12]}
Nh6 {[%clk 01:28:14]} {[%emt 00:03:06]} 6. Nf3 {[%clk 01:30:50]} {[%emt
00:01:08]} Bg4 {[%clk 01:26:03]} {[%emt 00:02:40]} 7. c3 {[%clk 01:27:39]}
{[%emt 00:03:42]} e6 {[%clk 01:23:24]} {[%emt 00:03:09]} 8. Nbd2 {[%clk
01:27:02]} {[%emt 00:01:06]} Nf5 {[%clk 01:22:43]} {[%emt 00:01:11]} 9. Bd3
{[%clk 01:24:40]} {[%emt 00:02:52]} Nd7 {[%clk 01:14:58]} {[%emt 00:08:14]} 10.
Nb3 {[%clk 01:16:52]} {[%emt 00:08:19]} a5 {[%clk 01:13:53]} {[%emt 00:01:36]}
11. a4 {[%clk 01:13:20]} {[%emt 00:04:01]} Qb6 {[%clk 01:10:56]} {[%emt
00:03:27]} 12. O-O {[%clk 01:08:47]} {[%emt 00:05:04]} c5 {[%clk 01:09:56]}
{[%emt 00:01:30]} 13. Bb5 {[%clk 01:05:38]} {[%emt 00:03:39]} O-O-O {[%clk
01:05:27]} {[%emt 00:04:59]} 14. Bxd7+ {[%clk 01:03:53]} {[%emt 00:02:15]} Rxd7
{[%clk 01:04:43]} {[%emt 00:01:14]} 15. Nxc5 {[%clk 01:04:16]} {[%emt
00:00:07]} Rc7 {[%clk 01:04:48]} {[%emt 00:00:24]} 16. h3 {[%clk 00:54:42]}
{[%emt 00:10:05]} Bxf3 {[%clk 01:05:11]} {[%emt 00:00:07]} 17. Qxf3 {[%clk
00:54:42]} {[%emt 00:00:30]} h5 {[%clk 01:05:28]} {[%emt 00:00:12]} 18. Qd1
{[%clk 00:45:26]} {[%emt 00:09:46]} Bf8 {[%clk 01:03:27]} {[%emt 00:02:32]} 19.
Nd3 {[%clk 00:45:37]} {[%emt 00:00:18]} h4 {[%clk 01:03:25]} {[%emt 00:00:33]}
20. Re1 {[%clk 00:44:42]} {[%emt 00:01:25]} Be7 {[%clk 01:03:14]} {[%emt
00:00:40]} 21. Nf2 {[%clk 00:43:37]} {[%emt 00:01:35]} Kb8 {[%clk 01:03:11]}
{[%emt 00:00:34]} 22. Qd3 {[%clk 00:42:21]} {[%emt 00:01:45]} Rhc8 {[%clk
01:02:22]} {[%emt 00:01:20]} 23. Bd2 {[%clk 00:40:25]} {[%emt 00:02:25]} Qb3
{[%clk 00:57:04]} {[%emt 00:05:48]} 24. Qb5 {[%clk 00:35:30]} {[%emt 00:05:25]}
Qc2 {[%clk 00:55:57]} {[%emt 00:01:37]} 25. Red1 {[%clk 00:32:35]} {[%emt
00:03:25]} Ng3 {[%clk 00:55:56]} {[%emt 00:00:32]} 26. Qd3 {[%clk 00:29:14]}
{[%emt 00:03:50]} Qb3 {[%clk 00:56:16]} {[%emt 00:00:10]} 27. Qb5 {[%clk
00:29:28]} {[%emt 00:00:17]} Qc2 {[%clk 00:56:44]} {[%emt 00:00:02]} 28. Nd3
{[%clk 00:22:54]} {[%emt 00:07:03]} Rc4 {[%clk 00:57:05]} {[%emt 00:00:09]} 29.
b3 {[%clk 00:23:13]} {[%emt 00:00:11]} Qxd3 {[%clk 00:56:02]} {[%emt 00:01:33]}
30. bxc4 {[%clk 00:23:36]} {[%emt 00:00:08]} dxc4 {[%clk 00:54:24]} {[%emt
00:02:08]} 31. Rab1 {[%clk 00:21:07]} {[%emt 00:02:59]} Rc7 {[%clk 00:54:53]}
{[%emt 00:00:01]} 32. Qxa5 {[%clk 00:19:01]} {[%emt 00:02:35]} Ne4 {[%clk
00:55:01]} {[%emt 00:00:22]} 33. Be1 {[%clk 00:17:15]} {[%emt 00:02:16]} Qe3+
{[%clk 00:55:16]} {[%emt 00:00:15]} 34. Kh1 {[%clk 00:15:50]} {[%emt 00:01:55]}
Qxf4 {[%clk 00:55:31]} {[%emt 00:00:15]} 35. Qb5 {[%clk 00:10:43]} {[%emt
00:05:37]} Bg5 {[%clk 00:54:17]} {[%emt 00:01:44]} 36. Qe8+ {[%clk 00:09:22]}
{[%emt 00:01:52]} Ka7 {[%clk 00:53:06]} {[%emt 00:01:40]} 37. Bd2 {[%clk
00:09:39]} {[%emt 00:00:14]} Nxd2 {[%clk 00:52:09]} {[%emt 00:01:26]} 38. Rb5
{[%clk 00:07:25]} {[%emt 00:02:44]} Rc6 {[%clk 00:46:53]} {[%emt 00:05:46]} 39.
Qd7 {[%clk 00:06:35]} {[%emt 00:01:21]} Rb6 {[%clk 00:47:13]} {[%emt 00:00:10]}
40. Rxb6 {[%clk 00:03:58]} {[%emt 00:03:06]} Kxb6 {[%clk 00:47:26]} {[%emt
00:00:17]} 41. a5+ {[%clk 00:02:55]} {[%emt 00:01:33]} Ka6 {[%clk 00:44:36]}
{[%emt 00:03:21]} 42. Qc7 {[%clk 00:30:13]} {[%emt 00:03:12]} Ka7 {[%clk
01:14:15]} {[%emt 00:00:50]} 43. a6 {[%clk 00:29:22]} {[%emt 00:01:21]} Kxa6
{[%clk 01:14:33]} {[%emt 00:00:12]} 44. Ra1+ {[%clk 00:29:49]} {[%emt
00:00:03]} Kb5 {[%clk 01:14:58]} {[%emt 00:00:06]} 45. Qxb7# {[%emt 00:00:04]}
1-0

[Event "ODJM A 2024"]
[Site "Willingen GER"]
[Date "2024.05.25"]
[Round "9"]
[White "Geist, Denis"]
[Black "Heimann, Alexander"]
[Result "1-0"]
[Termination "normal"]
[Board "25"]
[WhiteElo "1847"]
[BlackElo "1927"]
[WhiteClock "00:08:18"]
[BlackClock "00:15:11"]
[PlyCount "55"]
[WhiteFideId "34605100"]
[BlackFideId "16215346"]
[EventCountry "GER"]
[EventRounds "9"]
[EventType "swiss"]
[EventDate "2024.05.18"]

1. e4 {[%clk 01:30:00]} {[%emt 00:01:00]} c5 {[%clk 01:30:39]} {[%emt
00:00:21]} 2. Nf3 {[%clk 01:30:14]} {[%emt 00:00:15]} e6 {[%clk 01:30:55]}
{[%emt 00:00:17]} 3. d4 {[%clk 01:30:32]} {[%emt 00:00:10]} cxd4 {[%clk
01:31:16]} {[%emt 00:00:10]} 4. Nxd4 {[%clk 01:30:53]} {[%emt 00:00:09]} a6
{[%clk 01:31:03]} {[%emt 00:00:42]} 5. c4 {[%clk 01:31:05]} {[%emt 00:00:19]}
Nf6 {[%clk 01:31:11]} {[%emt 00:00:22]} 6. Nc3 {[%clk 01:31:01]} {[%emt
00:00:33]} d6 {[%clk 01:31:30]} {[%emt 00:00:11]} 7. Be2 {[%clk 01:27:26]}
{[%emt 00:04:05]} Be7 {[%clk 01:31:50]} {[%emt 00:00:11]} 8. Be3 {[%clk
01:26:25]} {[%emt 00:01:31]} Nbd7 {[%clk 01:32:10]} {[%emt 00:00:10]} 9. O-O
{[%clk 01:25:24]} {[%emt 00:01:32]} O-O {[%clk 01:32:29]} {[%emt 00:00:11]} 10.
f4 {[%clk 01:14:34]} {[%emt 00:11:19]} Qc7 {[%clk 01:29:01]} {[%emt 00:03:57]}
11. g4 {[%clk 01:02:56]} {[%emt 00:12:08]} Nc5 {[%clk 01:11:24]} {[%emt
00:18:08]} 12. Qc2 {[%clk 01:00:46]} {[%emt 00:02:40]} b6 {[%clk 01:03:35]}
{[%emt 00:08:18]} 13. g5 {[%clk 00:57:37]} {[%emt 00:03:40]} Ne8 {[%clk
01:00:34]} {[%emt 00:03:30]} 14. b4 {[%clk 00:53:22]} {[%emt 00:04:45]} Nd7
{[%clk 01:00:20]} {[%emt 00:00:43]} 15. Bd3 {[%clk 00:41:58]} {[%emt 00:11:55]}
Bb7 {[%clk 00:57:05]} {[%emt 00:03:45]} 16. f5 {[%clk 00:26:30]} {[%emt
00:15:59]} e5 {[%clk 00:47:18]} {[%emt 00:10:16]} 17. f6 {[%clk 00:24:09]}
{[%emt 00:02:52]} Bxf6 {[%clk 00:45:52]} {[%emt 00:01:56]} 18. gxf6 {[%clk
00:22:35]} {[%emt 00:02:03]} exd4 {[%clk 00:39:59]} {[%emt 00:06:23]} 19. fxg7
{[%clk 00:22:12]} {[%emt 00:00:53]} Nxg7 {[%clk 00:40:01]} {[%emt 00:00:27]}
20. Bxd4 {[%clk 00:20:14]} {[%emt 00:02:28]} Ne5 {[%clk 00:34:52]} {[%emt
00:05:39]} 21. Nd5 {[%clk 00:16:52]} {[%emt 00:03:53]} Bxd5 {[%clk 00:31:49]}
{[%emt 00:03:32]} 22. exd5 {[%clk 00:16:54]} {[%emt 00:00:29]} Ng6 {[%clk
00:26:34]} {[%emt 00:05:44]} 23. Rf6 {[%clk 00:13:44]} {[%emt 00:03:40]} Qd7
{[%clk 00:23:24]} {[%emt 00:03:40]} 24. Qg2 {[%clk 00:12:10]} {[%emt 00:02:05]}
b5 {[%clk 00:19:23]} {[%emt 00:04:31]} 25. c5 {[%clk 00:11:42]} {[%emt
00:00:58]} dxc5 {[%clk 00:17:16]} {[%emt 00:02:37]} 26. bxc5 {[%clk 00:11:08]}
{[%emt 00:01:04]} Rad8 {[%clk 00:16:29]} {[%emt 00:01:16]} 27. Be4 {[%clk
00:08:14]} {[%emt 00:03:24]} Ne6 {[%clk 00:15:11]} {[%emt 00:01:48]} 28. Rxe6
{[%clk 00:08:18]} {[%emt 00:00:26]} 1-0

[Event "ODJM A 2024"]
[Site "Willingen GER"]
[Date "2024.05.25"]
[Round "9"]
[White "Matthes, Benjamin"]
[Black "Dietlmeier, Tobias"]
[Result "1/2-1/2"]
[Termination "normal"]
[Board "26"]
[WhiteElo "1963"]
[BlackElo "1936"]
[WhiteClock "00:03:19"]
[BlackClock "00:18:42"]
[PlyCount "101"]
[WhiteFideId "16227298"]
[BlackFideId "16213963"]
[EventCountry "GER"]
[EventRounds "9"]
[EventType "swiss"]
[EventDate "2024.05.18"]

1. e4 {[%clk 01:30:33]} {[%emt 00:00:26]} e5 {[%clk 01:30:51]} {[%emt
00:00:09]} 2. Nf3 {[%clk 01:30:56]} {[%emt 00:00:07]} Nc6 {[%clk 01:31:14]}
{[%emt 00:00:07]} 3. Bc4 {[%clk 01:31:22]} {[%emt 00:00:05]} Be7 {[%clk
01:31:24]} {[%emt 00:00:20]} 4. d4 {[%clk 01:24:52]} {[%emt 00:07:00]} d6
{[%clk 01:30:22]} {[%emt 00:01:32]} 5. h3 {[%clk 01:15:49]} {[%emt 00:09:32]}
Nf6 {[%clk 01:28:56]} {[%emt 00:01:56]} 6. Nc3 {[%clk 01:16:15]} {[%emt
00:00:04]} O-O {[%clk 01:27:34]} {[%emt 00:01:52]} 7. Be3 {[%clk 01:15:22]}
{[%emt 00:01:23]} exd4 {[%clk 01:22:11]} {[%emt 00:05:53]} 8. Nxd4 {[%clk
01:12:07]} {[%emt 00:03:45]} Nxd4 {[%clk 01:20:23]} {[%emt 00:02:18]} 9. Qxd4
{[%clk 01:10:10]} {[%emt 00:02:27]} Be6 {[%clk 01:19:04]} {[%emt 00:01:49]} 10.
O-O-O {[%clk 01:04:37]} {[%emt 00:06:03]} Nd7 {[%clk 01:15:53]} {[%emt
00:03:40]} 11. Nd5 {[%clk 00:57:27]} {[%emt 00:07:41]} Bf6 {[%clk 01:12:02]}
{[%emt 00:04:21]} 12. Qd2 {[%clk 00:53:36]} {[%emt 00:04:20]} Bxd5 {[%clk
01:09:24]} {[%emt 00:03:08]} 13. Bxd5 {[%clk 00:54:04]} {[%emt 00:00:03]} Nb6
{[%clk 01:07:17]} {[%emt 00:02:36]} 14. g4 {[%clk 00:44:26]} {[%emt 00:10:08]}
g6 {[%clk 00:49:24]} {[%emt 00:18:23]} 15. g5 {[%clk 00:34:45]} {[%emt
00:10:10]} Bg7 {[%clk 00:49:42]} {[%emt 00:00:11]} 16. h4 {[%clk 00:35:11]}
{[%emt 00:00:06]} Qe7 {[%clk 00:48:18]} {[%emt 00:01:53]} 17. c3 {[%clk
00:20:26]} {[%emt 00:15:16]} c6 {[%clk 00:46:47]} {[%emt 00:02:01]} 18. Bb3
{[%clk 00:20:18]} {[%emt 00:00:37]} Qxe4 {[%clk 00:38:52]} {[%emt 00:08:25]}
19. Qxd6 {[%clk 00:20:05]} {[%emt 00:00:43]} Nc4 {[%clk 00:37:32]} {[%emt
00:01:50]} 20. Qd3 {[%clk 00:20:29]} {[%emt 00:00:06]} Qxd3 {[%clk 00:36:44]}
{[%emt 00:01:19]} 21. Rxd3 {[%clk 00:20:57]} {[%emt 00:00:02]} Ne5 {[%clk
00:28:00]} {[%emt 00:09:13]} 22. Rd2 {[%clk 00:21:25]} {[%emt 00:00:02]} a5
{[%clk 00:23:31]} {[%emt 00:05:00]} 23. Bc5 {[%clk 00:10:00]} {[%emt 00:11:54]}
a4 {[%clk 00:13:56]} {[%emt 00:10:05]} 24. Bc2 {[%clk 00:10:28]} {[%emt
00:00:01]} Rfe8 {[%clk 00:13:57]} {[%emt 00:00:30]} 25. f4 {[%clk 00:05:05]}
{[%emt 00:05:54]} Nc4 {[%clk 00:12:04]} {[%emt 00:02:22]} 26. Rd7 {[%clk
00:05:33]} {[%emt 00:00:02]} b5 {[%clk 00:12:10]} {[%emt 00:00:25]} 27. h5
{[%clk 00:04:20]} {[%emt 00:01:43]} a3 {[%clk 00:11:48]} {[%emt 00:00:53]} 28.
b3 {[%clk 00:03:16]} {[%emt 00:01:34]} Ne3 {[%clk 00:11:22]} {[%emt 00:00:55]}
29. hxg6 {[%clk 00:02:35]} {[%emt 00:01:11]} hxg6 {[%clk 00:11:33]} {[%emt
00:00:19]} 30. Bxe3 {[%clk 00:00:36]} {[%emt 00:02:30]} Rxe3 {[%clk 00:11:52]}
{[%emt 00:00:10]} 31. f5 {[%clk 00:01:03]} {[%emt 00:00:03]} gxf5 {[%clk
00:09:36]} {[%emt 00:02:46]} 32. Bxf5 {[%clk 00:00:52]} {[%emt 00:00:40]} Rae8
{[%clk 00:08:20]} {[%emt 00:01:46]} 33. Bh7+ {[%clk 00:00:52]} {[%emt
00:00:31]} Kf8 {[%clk 00:08:39]} {[%emt 00:00:11]} 34. g6 {[%clk 00:00:49]}
{[%emt 00:00:33]} Rxc3+ {[%clk 00:07:20]} {[%emt 00:01:49]} 35. Kd2 {[%clk
00:00:34]} {[%emt 00:00:45]} Rf3 {[%clk 00:07:35]} {[%emt 00:00:16]} 36. gxf7
{[%clk 00:00:32]} {[%emt 00:00:32]} Rf2+ {[%clk 00:05:09]} {[%emt 00:02:55]}
37. Kd1 {[%clk 00:00:31]} {[%emt 00:00:31]} Re7 {[%clk 00:04:59]} {[%emt
00:00:40]} 38. Rd8+ {[%clk 00:00:37]} {[%emt 00:00:26]} Kxf7 {[%clk 00:05:14]}
{[%emt 00:00:13]} 39. Bg8+ {[%clk 00:01:02]} {[%emt 00:00:05]} Kg6 {[%clk
00:03:37]} {[%emt 00:02:07]} 40. Rd6+ {[%clk 00:00:32]} {[%emt 00:01:00]} Kf5
{[%clk 00:01:52]} {[%emt 00:02:15]} 41. Bh7+ {[%clk 00:14:36]} {[%emt
00:16:26]} Kf4 {[%clk 00:25:22]} {[%emt 00:07:00]} 42. Rd2 {[%clk 00:09:43]}
{[%emt 00:05:23]} Rxd2+ {[%clk 00:24:55]} {[%emt 00:00:57]} 43. Kxd2 {[%clk
00:10:12]} {[%emt 00:00:02]} Rd7+ {[%clk 00:23:19]} {[%emt 00:02:05]} 44. Bd3
{[%clk 00:09:17]} {[%emt 00:01:24]} Bd4 {[%clk 00:22:07]} {[%emt 00:01:41]} 45.
Rh6 {[%clk 00:05:21]} {[%emt 00:04:26]} Rg7 {[%clk 00:21:41]} {[%emt 00:00:56]}
46. Rg6 {[%clk 00:02:54]} {[%emt 00:02:57]} Rxg6 {[%clk 00:18:34]} {[%emt
00:03:37]} 47. Bxg6 {[%clk 00:03:22]} {[%emt 00:00:02]} Ke5 {[%clk 00:18:46]}
{[%emt 00:00:19]} 48. Be8 {[%clk 00:02:43]} {[%emt 00:01:07]} Kd5 {[%clk
00:18:43]} {[%emt 00:00:34]} 49. Kc2 {[%clk 00:03:07]} {[%emt 00:00:06]} Kc5
{[%clk 00:18:23]} {[%emt 00:00:50]} 50. Bd7 {[%clk 00:03:21]} {[%emt 00:00:15]}
Kb6 {[%clk 00:18:42]} {[%emt 00:00:11]} 51. b4 {[%clk 00:03:19]} {[%emt
00:00:33]} 1/2-1/2

[Event "ODJM A 2024"]
[Site "Willingen GER"]
[Date "2024.05.25"]
[Round "9"]
[White "Kieselbach, Marvin"]
[Black "Schmidt, Boris"]
[Result "1/2-1/2"]
[Termination "normal"]
[Board "27"]
[WhiteElo "1887"]
[BlackElo "1918"]
[WhiteClock "00:01:25"]
[BlackClock "01:27:44"]
[PlyCount "43"]
[WhiteFideId "16235770"]
[BlackFideId "16238036"]
[EventCountry "GER"]
[EventRounds "9"]
[EventType "swiss"]
[EventDate "2024.05.18"]

1. e4 {[%clk 01:30:45]} {[%emt 00:00:14]} c5 {[%clk 01:30:52]} {[%emt
00:00:09]} 2. c3 {[%clk 01:31:07]} {[%emt 00:00:08]} Nf6 {[%clk 01:31:17]}
{[%emt 00:00:05]} 3. e5 {[%clk 01:31:31]} {[%emt 00:00:05]} Nd5 {[%clk
01:31:43]} {[%emt 00:00:04]} 4. Bc4 {[%clk 01:31:53]} {[%emt 00:00:08]} e6
{[%clk 01:32:07]} {[%emt 00:00:05]} 5. Nf3 {[%clk 01:32:08]} {[%emt 00:00:15]}
b6 {[%clk 01:32:33]} {[%emt 00:00:05]} 6. O-O {[%clk 01:32:12]} {[%emt
00:00:26]} Bb7 {[%clk 01:33:01]} {[%emt 00:00:03]} 7. d4 {[%clk 01:32:22]}
{[%emt 00:00:19]} cxd4 {[%clk 01:33:27]} {[%emt 00:00:04]} 8. cxd4 {[%clk
01:31:57]} {[%emt 00:00:55]} Qc7 {[%clk 01:32:09]} {[%emt 00:01:48]} 9. Qe2
{[%clk 01:29:39]} {[%emt 00:02:48]} d6 {[%clk 01:28:53]} {[%emt 00:03:47]} 10.
Nc3 {[%clk 01:28:31]} {[%emt 00:01:36]} Nxc3 {[%clk 01:29:19]} {[%emt
00:00:04]} 11. bxc3 {[%clk 01:28:53]} {[%emt 00:00:08]} Nd7 {[%clk 01:29:37]}
{[%emt 00:00:12]} 12. d5 {[%clk 01:19:07]} {[%emt 00:10:16]} Nxe5 {[%clk
01:27:51]} {[%emt 00:02:17]} 13. Bb5+ {[%clk 01:19:17]} {[%emt 00:00:20]} Ke7
{[%clk 01:26:15]} {[%emt 00:02:06]} 14. Nxe5 {[%clk 01:15:45]} {[%emt
00:04:03]} dxe5 {[%clk 01:26:38]} {[%emt 00:00:06]} 15. Ba3+ {[%clk 00:25:53]}
{[%emt 00:50:23]} Kf6 {[%clk 01:26:33]} {[%emt 00:00:35]} 16. Qf3+ {[%clk
00:25:14]} {[%emt 00:01:07]} Kg6 {[%clk 01:26:58]} {[%emt 00:00:05]} 17. Qg3+
{[%clk 00:09:33]} {[%emt 00:16:12]} Kf6 {[%clk 01:27:24]} {[%emt 00:00:04]} 18.
Qf3+ {[%clk 00:08:41]} {[%emt 00:01:22]} Kg6 {[%clk 01:27:48]} {[%emt
00:00:06]} 19. Qg3+ {[%clk 00:05:37]} {[%emt 00:03:34]} Kf6 {[%clk 01:28:12]}
{[%emt 00:00:05]} 20. Qf3+ {[%clk 00:01:40]} {[%emt 00:04:27]} Kg6 {[%clk
01:28:39]} {[%emt 00:00:02]} 21. Qg4+ {[%clk 00:01:25]} {[%emt 00:00:46]} Kf6
{[%clk 01:27:44]} {[%emt 00:01:25]} 22. Qf3+ {[%emt 00:01:10]} 1/2-1/2

[Event "ODJM A 2024"]
[Site "Willingen GER"]
[Date "2024.05.25"]
[Round "9"]
[White "Seitz, Manuel"]
[Black "Nguyen, Phuc Nhat"]
[Result "0-1"]
[Termination "normal"]
[Board "28"]
[WhiteElo "1882"]
[BlackElo "1893"]
[WhiteClock "00:48:02"]
[BlackClock "01:26:41"]
[PlyCount "40"]
[WhiteFideId "16215770"]
[BlackFideId "16253590"]
[EventCountry "GER"]
[EventRounds "9"]
[EventType "swiss"]
[EventDate "2024.05.18"]

1. e4 {[%clk 01:30:57]} {[%emt 00:00:02]} Nc6 {[%clk 01:30:46]} {[%emt
00:00:15]} 2. Nf3 {[%clk 01:30:49]} {[%emt 00:00:36]} e5 {[%clk 01:30:54]}
{[%emt 00:00:23]} 3. Bc4 {[%clk 01:31:07]} {[%emt 00:00:12]} Bc5 {[%clk
01:31:18]} {[%emt 00:00:06]} 4. b4 {[%clk 01:30:57]} {[%emt 00:00:41]} Bxb4
{[%clk 01:31:43]} {[%emt 00:00:05]} 5. c3 {[%clk 01:31:22]} {[%emt 00:00:05]}
Bd6 {[%clk 01:32:10]} {[%emt 00:00:02]} 6. d4 {[%clk 01:29:40]} {[%emt
00:02:12]} h6 {[%clk 01:32:35]} {[%emt 00:00:05]} 7. O-O {[%clk 01:26:07]}
{[%emt 00:04:03]} Nf6 {[%clk 01:33:02]} {[%emt 00:00:04]} 8. Nxe5 {[%emt
00:10:27]} Bxe5 {[%clk 01:33:04]} {[%emt 00:00:09]} 9. f4 {[%clk 01:14:07]}
{[%emt 00:02:52]} Bxd4+ {[%clk 01:29:13]} {[%emt 00:04:22]} 10. cxd4 {[%clk
01:13:02]} {[%emt 00:01:35]} Nxe4 {[%clk 01:29:32]} {[%emt 00:00:11]} 11. Bxf7+
{[%clk 00:54:47]} {[%emt 00:18:44]} Kxf7 {[%clk 01:29:33]} {[%emt 00:00:29]}
12. Qh5+ {[%clk 00:55:10]} {[%emt 00:00:06]} Kf8 {[%clk 01:29:33]} {[%emt
00:00:31]} 13. Qg6 {[%clk 00:50:02]} {[%emt 00:05:38]} d5 {[%clk 01:26:07]}
{[%emt 00:03:57]} 14. Ba3+ {[%clk 00:48:52]} {[%emt 00:01:40]} Kg8 {[%clk
01:25:55]} {[%emt 00:00:41]} 15. Re1 {[%clk 00:47:36]} {[%emt 00:01:45]} Qf6
{[%clk 01:25:33]} {[%emt 00:00:53]} 16. Qh5 {[%clk 00:46:54]} {[%emt 00:01:12]}
Qxd4+ {[%clk 01:25:24]} {[%emt 00:00:40]} 17. Kh1 {[%clk 00:46:49]} {[%emt
00:00:34]} Nf2+ {[%clk 01:25:49]} {[%emt 00:00:05]} 18. Kg1 {[%clk 00:47:12]}
{[%emt 00:00:06]} Nh3+ {[%clk 01:26:15]} {[%emt 00:00:05]} 19. Kh1 {[%clk
00:47:37]} {[%emt 00:00:04]} Qg1+ {[%clk 01:26:41]} {[%emt 00:00:04]} 20. Rxg1
{[%clk 00:48:02]} {[%emt 00:00:05]} Nf2# {[%emt 00:00:03]} 0-1

[Event "ODJM A 2024"]
[Site "Willingen GER"]
[Date "2024.05.25"]
[Round "9"]
[White "Limberg, Thomas"]
[Black "Möller, Tom"]
[Result "1/2-1/2"]
[Termination "normal"]
[Board "29"]
[WhiteElo "1783"]
[BlackElo "1902"]
[WhiteClock "00:15:20"]
[BlackClock "00:22:42"]
[PlyCount "53"]
[WhiteFideId "16226755"]
[BlackFideId "16287215"]
[EventCountry "GER"]
[EventRounds "9"]
[EventType "swiss"]
[EventDate "2024.05.18"]

1. c4 {[%clk 01:30:53]} {[%emt 00:00:06]} e5 {[%clk 01:30:55]} {[%emt
00:00:05]} 2. Nc3 {[%clk 01:31:14]} {[%emt 00:00:10]} Nc6 {[%clk 01:30:01]}
{[%emt 00:01:23]} 3. d3 {[%clk 01:30:40]} {[%emt 00:01:04]} Bc5 {[%clk
01:30:04]} {[%emt 00:00:27]} 4. g3 {[%clk 01:30:31]} {[%emt 00:00:39]} a6
{[%clk 01:28:48]} {[%emt 00:01:46]} 5. Bg2 {[%clk 01:30:23]} {[%emt 00:00:38]}
d6 {[%clk 01:26:54]} {[%emt 00:02:24]} 6. e3 {[%clk 01:29:18]} {[%emt
00:01:35]} Bd7 {[%clk 01:26:04]} {[%emt 00:01:20]} 7. Nge2 {[%clk 01:28:12]}
{[%emt 00:01:36]} Ba7 {[%clk 01:19:51]} {[%emt 00:06:43]} 8. d4 {[%clk
01:24:54]} {[%emt 00:03:48]} Qc8 {[%clk 01:16:36]} {[%emt 00:03:44]} 9. O-O
{[%clk 01:19:03]} {[%emt 00:06:22]} Bh3 {[%clk 01:14:01]} {[%emt 00:03:05]} 10.
Qa4 {[%clk 01:15:36]} {[%emt 00:03:57]} Kf8 {[%clk 01:10:12]} {[%emt 00:04:19]}
11. d5 {[%clk 01:02:33]} {[%emt 00:13:34]} Nce7 {[%clk 01:07:26]} {[%emt
00:03:16]} 12. e4 {[%clk 01:02:32]} {[%emt 00:00:30]} h5 {[%clk 01:05:04]}
{[%emt 00:02:52]} 13. Be3 {[%clk 00:54:06]} {[%emt 00:08:56]} Bxe3 {[%clk
00:53:58]} {[%emt 00:11:36]} 14. fxe3 {[%clk 00:54:21]} {[%emt 00:00:15]} Nf6
{[%clk 00:49:48]} {[%emt 00:04:40]} 15. Rf3 {[%clk 00:52:18]} {[%emt 00:02:33]}
Bxg2 {[%clk 00:44:00]} {[%emt 00:06:18]} 16. Kxg2 {[%clk 00:52:38]} {[%emt
00:00:10]} Ng6 {[%clk 00:43:56]} {[%emt 00:00:33]} 17. Raf1 {[%clk 00:49:02]}
{[%emt 00:04:06]} Qg4 {[%clk 00:43:48]} {[%emt 00:00:38]} 18. Kf2 {[%clk
00:41:17]} {[%emt 00:08:15]} Re8 {[%clk 00:40:11]} {[%emt 00:04:06]} 19. Ke1
{[%clk 00:38:41]} {[%emt 00:03:06]} Re7 {[%clk 00:38:41]} {[%emt 00:02:01]} 20.
Qb3 {[%clk 00:37:03]} {[%emt 00:02:09]} b6 {[%clk 00:35:55]} {[%emt 00:03:15]}
21. Qc2 {[%clk 00:34:13]} {[%emt 00:03:20]} h4 {[%clk 00:34:07]} {[%emt
00:02:17]} 22. Kd2 {[%clk 00:28:32]} {[%emt 00:06:12]} hxg3 {[%clk 00:32:24]}
{[%emt 00:02:12]} 23. Rxg3 {[%clk 00:25:42]} {[%emt 00:03:21]} Qc8 {[%clk
00:31:50]} {[%emt 00:01:03]} 24. Rg2 {[%clk 00:22:06]} {[%emt 00:04:06]} Qh3
{[%clk 00:28:21]} {[%emt 00:03:59]} 25. Rfg1 {[%clk 00:18:30]} {[%emt
00:04:06]} Nh5 {[%clk 00:24:48]} {[%emt 00:04:03]} 26. Ng3 {[%clk 00:15:06]}
{[%emt 00:03:54]} Nxg3 {[%clk 00:22:42]} {[%emt 00:02:37]} 27. hxg3 {[%clk
00:15:20]} {[%emt 00:00:16]} 1/2-1/2